|
|
|
|
| LEADER |
00000nam a2200000 a 4500 |
| 001 |
vtls001358202 |
| 003 |
SK-MaSNL |
| 005 |
20260301115006.0 |
| 008 |
240314s1903 xx 0 und |
| 035 |
|
|
|a SNK000311720
|
| 040 |
|
|
|a SNK
|b slo
|c SNK
|e AACR2
|
| 041 |
0 |
|
|a und
|
| 044 |
|
|
|a xx
|
| 100 |
1 |
|
|a Thirring, Gusztáv
|4 aut
|9 459271
|
| 245 |
1 |
0 |
|a Népesedésünk kútforrásai a mult század első felében
|
| 260 |
|
|
|a Budapest
|b Magyar Tudományos Akadémiai
|c 1903
|
| 300 |
|
|
|a 114 s.
|
| 958 |
|
|
|a ONDV
|
| 999 |
|
|
|c 720556
|d 722486
|
| 952 |
|
|
|a SNK
|b SNK
|y PREZ
|7 0
|p 17A0715825
|o snkSC 1310/9
|0 0
|1 0
|4 0
|d 2011-11-21
|l 0
|r 2025-06-11 00:00:00
|w 2026-02-23
|
| 952 |
|
|
|t P60, <04>, [BOOK], {604}
|a SNK
|b SNK
|y VYP
|7 0
|p 17A0186808
|o snkSC 1310/9 D1
|0 0
|1 0
|4 0
|d 1999-03-19
|l 0
|r 2005-01-02 00:00:00
|w 2026-02-23
|